000 00337nam a2200097Ia 4500
008 220120s9999||||xx |||||||||||||| ||und||
100 _aReena Noronha, Shakunthala Kumari, D.S and Aishwarya Rani
_912327
245 0 _aZigbee based pick and place robot
260 _aCoorg Institute of Technology
_bPonnampet
_c2011
650 _aCOMPUTER SCIENCE
999 _c137913
_d137913